|
|
|
|
| LEADER |
01142nam a22002897a 4500 |
| 001 |
38994 |
| 003 |
BD-DhAAL |
| 008 |
220622t1978 nyua b |||1 0|eng d |
| 999 |
|
|
|c 44447
|d 44447
|
| 020 |
|
|
|a 9781461299257
|
| 020 |
|
|
|a 9781461299233 (eBook)
|
| 040 |
|
|
|a BD-DhAAL
|c BD-DhAAL
|
| 082 |
|
|
|a 516.36
|2 23
|
| 100 |
|
|
|a Klingenberg, W.
|e author.
|9 49602
|
| 245 |
|
|
|a A course in differential geometry /
|c Wilhelm Klingenberg ; translated by David Hoffman.
|
| 260 |
|
|
|a New York, NY :
|b Springer,
|c c1978.
|
| 300 |
|
|
|a xii, 178 pages :
|b illustrations ;
|c 23 cm.
|
| 490 |
|
|
|a Graduate Texts in Mathematics ;
|v 51.
|
| 504 |
|
|
|a Includes bibliographical references and index.
|
| 526 |
|
|
|a MNS
|
| 541 |
|
|
|a Book Finder International
|e 38994
|
| 650 |
|
|
|a Geometry, Differential.
|9 49603
|
| 650 |
|
|
|a Mathematics.
|9 49604
|
| 830 |
|
|
|a Graduate Texts in Mathematics ; 51.
|9 49605
|
| 852 |
|
|
|a Ayesha Abed Library
|c General Stacks
|
| 942 |
|
|
|2 ddc
|c BK
|
| 952 |
|
|
|0 0
|1 0
|2 ddc
|4 0
|6 516_360000000000000_KLI
|7 0
|9 71070
|a BRACUL
|b BRACUL
|c GEN
|d 2022-06-19
|e Book Finder International
|g 4758.23
|l 0
|o 516.36 KLI
|p 3010038994
|r 2022-06-19
|t 1
|v 4758.23
|w 2022-06-19
|y BK
|